<?xml version="1.0" encoding="UTF-8"?>
<record
    xmlns:xsi="http://www.w3.org/2001/XMLSchema-instance"
    xsi:schemaLocation="http://www.loc.gov/MARC21/slim http://www.loc.gov/standards/marcxml/schema/MARC21slim.xsd"
    xmlns="http://www.loc.gov/MARC21/slim">

  <leader>00669nam a2200193Ia 4500</leader>
  <datafield tag="020" ind1=" " ind2=" ">
    <subfield code="a">9782856292310</subfield>
  </datafield>
  <datafield tag="020" ind1=" " ind2=" ">
    <subfield code="a">2856292313</subfield>
  </datafield>
  <datafield tag="040" ind1=" " ind2=" ">
    <subfield code="c">OSU</subfield>
  </datafield>
  <datafield tag="082" ind1=" " ind2=" ">
    <subfield code="a">428 SOC 2007 A022 Or.</subfield>
  </datafield>
  <datafield tag="245" ind1="1" ind2="0">
    <subfield code="a">Argos seminar on intersections of modular correspondences</subfield>
  </datafield>
  <datafield tag="260" ind1=" " ind2=" ">
    <subfield code="a">Paris :</subfield>
    <subfield code="b">Soci&#xA9;&#x266D;t&#xA9;&#x266D; math&#xA9;&#x266D;matique de France,</subfield>
    <subfield code="c">c2007</subfield>
  </datafield>
  <datafield tag="300" ind1=" " ind2=" ">
    <subfield code="a">xvi, 210 p. ;</subfield>
    <subfield code="c">24 cm</subfield>
  </datafield>
  <datafield tag="500" ind1=" " ind2=" ">
    <subfield code="a">"This volume contains the written account of the Bonn semiar on arithmetic geometry 2004/2004"-- p. [iii]</subfield>
  </datafield>
  <datafield tag="650" ind1=" " ind2="0">
    <subfield code="a">Modular functions</subfield>
  </datafield>
  <datafield tag="650" ind1=" " ind2="0">
    <subfield code="a">Endomorphisms (Group theory)</subfield>
  </datafield>
  <datafield tag="650" ind1=" " ind2="0">
    <subfield code="a">Forms, Quadratic</subfield>
  </datafield>
  <datafield tag="710" ind1="2" ind2=" ">
    <subfield code="a">Soci&#xA9;&#x266D;t&#xA9;&#x266D; math&#xA9;&#x266D;matique de France</subfield>
  </datafield>
  <datafield tag="942" ind1=" " ind2=" ">
    <subfield code="c">EK</subfield>
  </datafield>
  <datafield tag="999" ind1=" " ind2=" ">
    <subfield code="c">12643</subfield>
    <subfield code="d">12643</subfield>
  </datafield>
  <datafield tag="952" ind1=" " ind2=" ">
    <subfield code="0">0</subfield>
    <subfield code="1">0</subfield>
    <subfield code="4">0</subfield>
    <subfield code="6">428_000000000000000_SOC_2007_A022_OR</subfield>
    <subfield code="7">0</subfield>
    <subfield code="9">62697</subfield>
    <subfield code="a">LBA</subfield>
    <subfield code="b">LBA</subfield>
    <subfield code="c">A022</subfield>
    <subfield code="d">2017-08-15</subfield>
    <subfield code="o">428 SOC 2007 A022 Or.</subfield>
    <subfield code="p">A15704</subfield>
    <subfield code="r">2017-08-15</subfield>
    <subfield code="y">EK</subfield>
  </datafield>
  <datafield tag="952" ind1=" " ind2=" ">
    <subfield code="0">0</subfield>
    <subfield code="1">0</subfield>
    <subfield code="4">0</subfield>
    <subfield code="6">428_000000000000000_SOC_2007_A022_OR</subfield>
    <subfield code="7">0</subfield>
    <subfield code="9">62698</subfield>
    <subfield code="a">LBA</subfield>
    <subfield code="b">LBA</subfield>
    <subfield code="c">A022</subfield>
    <subfield code="d">2017-08-15</subfield>
    <subfield code="o">428 SOC 2007 A022 Or.</subfield>
    <subfield code="p">A15931</subfield>
    <subfield code="r">2017-08-15</subfield>
    <subfield code="y">EK</subfield>
  </datafield>
  <datafield tag="952" ind1=" " ind2=" ">
    <subfield code="0">0</subfield>
    <subfield code="1">0</subfield>
    <subfield code="4">0</subfield>
    <subfield code="6">428_000000000000000_SOC_2007_A022_OR</subfield>
    <subfield code="7">0</subfield>
    <subfield code="9">62699</subfield>
    <subfield code="a">LBA</subfield>
    <subfield code="b">LBA</subfield>
    <subfield code="c">A022</subfield>
    <subfield code="d">2017-08-15</subfield>
    <subfield code="o">428 SOC 2007 A022 Or.</subfield>
    <subfield code="p">A16196</subfield>
    <subfield code="r">2017-08-15</subfield>
    <subfield code="w">2017-08-15</subfield>
    <subfield code="y">EK</subfield>
  </datafield>
  <datafield tag="952" ind1=" " ind2=" ">
    <subfield code="0">0</subfield>
    <subfield code="1">0</subfield>
    <subfield code="4">0</subfield>
    <subfield code="6">428_000000000000000_SOC_2007_A022_OR</subfield>
    <subfield code="7">0</subfield>
    <subfield code="9">62700</subfield>
    <subfield code="a">LBA</subfield>
    <subfield code="b">LBA</subfield>
    <subfield code="c">A022</subfield>
    <subfield code="d">2017-08-15</subfield>
    <subfield code="o">428 SOC 2007 A022 Or.</subfield>
    <subfield code="p">A16737</subfield>
    <subfield code="r">2017-08-15</subfield>
    <subfield code="y">EK</subfield>
  </datafield>
  <datafield tag="952" ind1=" " ind2=" ">
    <subfield code="0">0</subfield>
    <subfield code="1">0</subfield>
    <subfield code="4">0</subfield>
    <subfield code="6">428_000000000000000_SOC_2007_A022_OR</subfield>
    <subfield code="7">0</subfield>
    <subfield code="9">62701</subfield>
    <subfield code="a">LBA</subfield>
    <subfield code="b">LBA</subfield>
    <subfield code="c">A022</subfield>
    <subfield code="d">2017-08-15</subfield>
    <subfield code="o">428 SOC 2007 A022 Or.</subfield>
    <subfield code="p">A16401</subfield>
    <subfield code="r">2017-08-15</subfield>
    <subfield code="y">EK</subfield>
  </datafield>
  <datafield tag="952" ind1=" " ind2=" ">
    <subfield code="0">0</subfield>
    <subfield code="1">0</subfield>
    <subfield code="4">0</subfield>
    <subfield code="6">428_000000000000000_SOC_2007_A022_OR</subfield>
    <subfield code="7">0</subfield>
    <subfield code="9">62702</subfield>
    <subfield code="a">LBA</subfield>
    <subfield code="b">LBA</subfield>
    <subfield code="c">A022</subfield>
    <subfield code="d">2017-08-15</subfield>
    <subfield code="o">428 SOC 2007 A022 Or.</subfield>
    <subfield code="p">A15684</subfield>
    <subfield code="r">2017-08-15</subfield>
    <subfield code="y">EK</subfield>
  </datafield>
  <datafield tag="952" ind1=" " ind2=" ">
    <subfield code="0">0</subfield>
    <subfield code="1">0</subfield>
    <subfield code="4">0</subfield>
    <subfield code="6">428_000000000000000_SOC_2007_A022_OR</subfield>
    <subfield code="7">0</subfield>
    <subfield code="9">62703</subfield>
    <subfield code="a">LBA</subfield>
    <subfield code="b">LBA</subfield>
    <subfield code="c">A022</subfield>
    <subfield code="d">2017-08-15</subfield>
    <subfield code="o">428 SOC 2007 A022 Or.</subfield>
    <subfield code="p">A17271</subfield>
    <subfield code="r">2017-08-15</subfield>
    <subfield code="y">EK</subfield>
  </datafield>
  <datafield tag="952" ind1=" " ind2=" ">
    <subfield code="0">0</subfield>
    <subfield code="1">0</subfield>
    <subfield code="4">0</subfield>
    <subfield code="6">428_000000000000000_SOC_2007_A022_OR</subfield>
    <subfield code="7">0</subfield>
    <subfield code="9">62704</subfield>
    <subfield code="a">LBA</subfield>
    <subfield code="b">LBA</subfield>
    <subfield code="c">A022</subfield>
    <subfield code="d">2017-08-15</subfield>
    <subfield code="o">428 SOC 2007 A022 Or.</subfield>
    <subfield code="p">A17722</subfield>
    <subfield code="r">2017-08-15</subfield>
    <subfield code="y">EK</subfield>
  </datafield>
</record>
